Higiene y epidemiología militar en campaña / (Registro nro. 50012)

Detalles MARC
000 -LEADER
campo de control de longitud fija 00677nam a2200193 i 4500
001 - NÚMERO DE CONTROL
campo de control 50012
003 - IDENTIFICADOR DE NÚMERO DE CONTROL
campo de control ES-MaACL
005 - FECHA Y HORA DE LA ÚLTIMA TRANSACCIÓN
campo de control 20250406174905.0
007 - CAMPO FIJO DE DESCRIPCIÓN FÍSICA--INFORMACIÓN GENERAL
campo de control de longitud fija t|
008 - DATOS DE LONGITUD FIJA--INFORMACIÓN GENERAL
campo de control de longitud fija 030728s1940 sp ||||1| spa d
100 1# - ENTRADA PRINCIPAL--NOMBRE DE PERSONA
Nombre de persona Criado Cardona, R.
9 (RLIN) 41603
245 10 - MENCIÓN DEL TÍTULO
Título Higiene y epidemiología militar en campaña /
Mención de responsabilidad, etc. por R. Criado Cardona y J. Martínez Bruna ; prólogo de José Palanca.
260 ## - PUBLICACIÓN, DISTRIBUCIÓN, ETC.
Lugar de publicación, distribución, etc. [Valladolid :
Nombre del editor, distribuidor, etc. Martín],
Fecha de publicación, distribución, etc. 1940.
300 ## - DESCRIPCIÓN FÍSICA
Extensión XVI, 870 p., 3 gráf. pleg. ;
Dimensiones 22 cm.
700 1# - ENTRADA AGREGADA--NOMBRE PERSONAL
Nombre de persona Martínez Bruna, José.
9 (RLIN) 77898
700 1# - ENTRADA AGREGADA--NOMBRE PERSONAL
Nombre de persona Palanca y Martínez Fortún, José Alberto,
Fechas asociadas al nombre 1888-1973
9 (RLIN) 155308
852 ## - LOCALIZACIÓN
Ubicación ES-MaACL
Número de control de estantería C-15746
Sublocalización o colección R.43905
Existencias
Estatus retirado Estado de pérdida Estado de daño No para préstamo Biblioteca de origen Biblioteca actual Ubicación en estantería Fecha de adquisición Fuente de adquisición Total de préstamos Signatura topográfica completa Código de barras Visto por última vez Precio de reemplazo Tipo de ítem Koha
        Biblioteca del Ateneo de Madrid Biblioteca del Ateneo de Madrid Ficheros 17/01/2008     C-15746 1052613 23/02/2023 23/02/2023 Libro impreso